000 00650nam a2200253Ia 4500
003 OSt
005 20221005101542.0
006 a|||||r|||| 00| 0
007 ta
008 221004b |||||||| |||| 00| 0 eng d
020 _a0896032477
024 _a14798
037 _cTextual
040 _aCRL
_cCRL
_beng
041 _2eng
_aeng
082 _aE9G, N3
100 _aAgrawal Sudhir
_9612987
245 0 _aProtocols for oligonucleotides and analogs
260 _aTotowa
_bHumana Press
_c1993
300 _a502
_ccm.
650 _aBIOCHEMISTRY
942 _hE9G, N3
_cTEXL
_2cc
999 _c1006976
_d1006976